000
00253nam a22001097a 4500
082
_a
621.8 HAM'M
100
_a
HAM, C. W,ROGERS, W. L
_9
78745
245
_a
MECHANICS OF MACHINERY
260
_a
NEWYORK
_b
MCGRAW HILL
_c
1958
300
_a
509P
942
_c
BK
999
_c
583830
_d
583830